000 00294nam a22001337a 4500
008 171101b xxu||||| |||| 00| 0 eng d
020 _a9780073381398
041 _aeng
080 _26TH
_a33
100 _a59
101 _aBUS
245 _aGLOBAL BUSINESS TODAY
_cHILL,CH.W
942 _2udc
_cBK
999 _c36975
_d36975